All Cities with US Diplomatic Missions on a Map - Statistics

General Stats
  • This quiz has been taken 1,719 times
  • The average score is 204 of 294
Answers on the Map
Answers color-coded by a green-red scale on the quiz's map according to % correct below.
 
Answer Stats
Type Mission to City % Correct
Embassy United Kingdom London
94%
Embassy Ireland Dublin
93%
Embassy Spain Madrid
93%
Mission United Nations New York City
93%
Embassy, 2x Delegation France, OECD, UN (UNESCO) Paris
93%
Consulate General Canada Toronto
93%
Embassy Russia Moscow
92%
2x Embassy, Delegations Italy, Vatican City, UN Rome
92%
Consulate General Canada Vancouver
92%
Consulate General Spain Barcelona
91%
Embassy Germany Berlin
91%
Embassy Portugal Lisbon
91%
Embassy Mexico Mexico City
91%
Delegation Organization of American States Washington, D.C.
91%
Consulate General Netherlands Amsterdam
90%
Embassy Egypt Cairo
90%
Embassy Norway Oslo
90%
Embassy Iceland Reykjavik
90%
Embassy Japan Tokyo
90%
Embassy Turkey Ankara
89%
Embassy Greece Athens
89%
Embassy China Beijing
89%
Embassy, 2x Delegation Belgium, EU, NATO Brussels
89%
Consulate General United Kingdom Edinburgh
89%
Embassy Cuba Havana
89%
Embassy Finland Helsinki
89%
Consulate General Turkey Istanbul
89%
Embassy Ukraine Kiev
89%
Consulate General Italy Milan
89%
Consulate General, Delegation Canada, UN (ICAO) Montréal
89%
Embassy India New Delhi
89%
Embassy Canada Ottawa
89%
Consulate General Brazil Rio de Janeiro
89%
Embassy Chile Santiago
89%
Embassy Sweden Stockholm
89%
Consulate General Australia Sydney
89%
Embassy Poland Warsaw
89%
Embassy Argentina Buenos Aires
88%
Embassy Denmark Copenhagen
88%
Embassy Israel Jerusalem
88%
Embassy Peru Lima
88%
Embassy South Korea Seoul
88%
Consulate General United Kingdom Belfast
87%
Embassy Colombia Bogotá
87%
Embassy Romania Bucharest
87%
Embassy Hungary Budapest
87%
Consulate General South Africa Cape Town
87%
Consulate General United Arab Emirates Dubai
87%
Consulate General India Mumbai
87%
Consulate General Italy Naples
87%
Embassy Czechia Prague
87%
Consulate General Brazil São Paulo
87%
Embassy Tunisia Tunis
87%
Embassy, 2x Delegation Austria, OSCE, UN Vienna
87%
Embassy Algeria Algiers
86%
Embassy Iraq Baghdad
86%
Embassy Switzerland Bern
86%
Embassy Brazil Brasilia
86%
Consulate General Germany Hamburg
86%
Embassy, Delegation Indonesia, ASEAN Jakarta
86%
Embassy, Delegation Philippines, Asian Development Bank Manila
86%
Consulate General Australia Melbourne
86%
Consulate General Germany Munich
86%
Embassy Panama Panama City
86%
Consulate General Australia Perth
86%
Consulate General China Shanghai
86%
Embassy Bulgaria Sofia
86%
Branch Office Israel Tel Aviv
86%
Embassy New Zealand Wellington
86%
Consular Agency Switzerland Zürich
86%
Embassy Thailand Bangkok
85%
Embassy Australia Canberra
85%
Consulate General South Africa Johannesburg
85%
Embassy Kuwait Kuwait City
85%
Consulate General France Marseille
85%
Embassy Latvia Riga
85%
Embassy Saudi Arabia Riyadh
85%
American Institute Taiwan Taipei
85%
Consular Agency Italy Venice
85%
Embassy Croatia Zagreb
85%
Embassy United Arab Emirates Abu Dhabi
84%
Consulate General New Zealand Auckland
84%
Embassy Serbia Belgrade
84%
Consulate General Morocco Casablanca
84%
Consulate General Germany Frankfurt
84%
Embassy Vietnam Hanoi
84%
Consulate General China Hong Kong
84%
Embassy Pakistan Islamabad
84%
Embassy Uruguay Montevideo
84%
Embassy Ecuador Quito
84%
Embassy Lebanon Beirut
83%
Embassy Jamaica Kingston
83%
Embassy Bolivia La Paz
83%
Presence Post France Lyon
83%
Embassy Bahamas Nassau
83%
Consulate General Japan Osaka
83%
Embassy Bosnia and Herzegovina Sarajevo
83%
Embassy Singapore Singapore
83%
Embassy Estonia Tallinn
83%
Embassy Lithuania Vilnius
83%
Consulate General Canada Calgary
82%
Embassy Qatar Doha
82%
Embassy Luxembourg Luxembourg
82%
Embassy Haiti Port-au-Prince
82%
Embassy Morocco Rabat
82%
Embassy Mongolia Ulaanbaatar
82%
Embassy Azerbaijan Baku
81%
Embassy Bangladesh Dhaka
81%
Consular Agency, Delegations Switzerland, UN Geneva
81%
Consulate General Vietnam Ho Chi Minh City
81%
Embassy Malaysia Kuala Lumpur
81%
Consulate General Nigeria Lagos
81%
Embassy, Permanent Mission Kenya, UN Nairobi
81%
Embassy, Delegation Ethiopia, African Union Addis Ababa
80%
Embassy Jordan Amman
80%
Embassy Slovakia Bratislava
80%
Embassy Guatemala Guatemala City
80%
Consulate General Canada Quebec City
80%
Embassy Albania Tirana
80%
Consulate General Italy Florence
79%
Consulate General Pakistan Karachi
79%
Embassy DR Congo Kinshasa
79%
Consulate General Poland Kraków
79%
Embassy Costa Rica San José
79%
Embassy Dominican Republic Santo Domingo
79%
Consular Agency Spain Seville
79%
Embassy Malta Valletta
79%
Embassy Nepal Kathmandu
78%
Consulate General India Kolkata
78%
Embassy Slovenia Ljubljana
78%
Embassy, Office Cyprus Nicosia
78%
Embassy Kazakhstan Nur-Sultan
78%
Embassy Yemen Sana'a
78%
Embassy El Salvador San Salvador
78%
Embassy Georgia Tbilisi
78%
Embassy Netherlands The Hague
78%
Consulate General Mexico Tijuana
78%
Consular Agency Spain Valencia
78%
Embassy Paraguay Asunción
77%
Embassy Moldova Chişinău
77%
Embassy Senegal Dakar
77%
Embassy Djibouti Djibouti
77%
Embassy Sudan Khartoum
77%
Embassy Oman Muscat
77%
Embassy Sri Lanka Colombo
76%
Consular Agency United Kingdom George Town
76%
Embassy Guyana Georgetown
76%
Consulate General China Guangzhou
76%
Embassy Somalia Mogadishu
76%
Consular Agency Italy Palermo
76%
Embassy South Africa Pretoria
76%
Embassy North Macedonia Skopje
76%
Embassy Armenia Yerevan
76%
Presence Post France Bordeaux
75%
Consulate Denmark Nuuk
75%
Embassy Kosovo Pristina
75%
Embassy Ghana Accra
74%
Consulate General Mexico Guadalajara
74%
Embassy Angola Luanda
74%
Consulate South Korea Busan
73%
Embassy Uzbekistan Tashkent
73%
Embassy Nigeria Abuja
72%
Consular Agency Mexico Cancún
72%
Embassy Tanzania Dar es Salaam
72%
Consulate General Saudi Arabia Jeddah
72%
Embassy Montenegro Podgorica
72%
Consulate General Greece Thessaloniki
72%
Embassy Namibia Windhoek
72%
Consulate General China Wuhan
72%
Embassy Madagascar Antananarivo
71%
Consular Agency Italy Genoa
71%
Consulate General Pakistan Lahore
71%
Embassy Papua New Guinea Port Moresby
71%
Embassy Sierra Leone Freetown
70%
Embassy Cambodia Phnom Penh
70%
Consulate General Canada Halifax
69%
Consular Agency Turkey Izmir
69%
Embassy Nicaragua Managua
69%
Embassy Liberia Monrovia
69%
Consulate General Mexico Monterrey
69%
Consulate General Japan Sapporo
69%
Consulate General India Chennai
68%
Embassy Zimbabwe Harare
68%
Embassy Uganda Kampala
68%
Embassy Bahrain Manama
68%
Embassy Trinidad and Tobago Port of Spain
68%
Embassy Honduras Tegucigalpa
68%
Consulate Canada Winnipeg
68%
Embassy Kyrgyzstan Bishkek
67%
Consulate General France Strasbourg
67%
Embassy Turkmenistan Ashgabat
66%
Embassy Belize Belmopan
66%
Consulate General Germany Düsseldorf
66%
Embassy South Sudan Juba
66%
Embassy Suriname Paramaribo
66%
Embassy Laos Vientiane
66%
Embassy Myanmar Yangon
66%
Consular Agency Brazil Manaus
65%
Branch Office Brazil Belo Horizonte
64%
Consulate General South Africa Durban
64%
Embassy Rwanda Kigali
64%
Consular Agency Spain Málaga
64%
Consulate Japan Nagoya
64%
Embassy East Timor Dili
63%
Embassy Tajikistan Dushanbe
63%
Consulate General India Hyderabad
63%
Embassy Chad N'Djamena
63%
Embassy Cameroon Yaoundé
63%
Consulate General Kazakhstan Almaty
62%
Embassy Eritrea Asmara
62%
Embassy Mali Bamako
62%
Embassy Republic of the Congo Brazzaville
62%
Embassy Zambia Lusaka
62%
Embassy Mozambique Maputo
62%
Embassy Niger Niamey
62%
Consular Agency Seychelles Victoria
62%
Consulate General Russia Vladivostok
62%
Embassy Gabon Libreville
61%
Consulate General Brazil Recife
61%
Embassy Guinea Conakry
60%
Embassy Burkina Faso Ouagadougou
60%
Consular Agency Spain Palma de Mallorca
60%
Embassy Brunei Bandar Seri Begawan
59%
Consulate General Germany Leipzig
59%
Embassy Togo Lomé
59%
Embassy Fiji Suva
59%
Embassy Ivory Coast Abidjan
58%
Embassy Central African Republic Bangui
58%
Embassy Botswana Gaborone
58%
Embassy Mauritania Nouakchott
58%
Embassy Gambia Banjul
57%
Consulate General Mexico Ciudad Juárez
57%
Consulate General Ecuador Guayaquil
57%
Embassy Malawi Lilongwe
57%
Embassy Mauritius Port Louis
57%
Embassy Cape Verde Praia
57%
Embassy Barbados Bridgetown
56%
Consular Agency Indonesia Denpasar
56%
Consular Agency Brazil Salvador
55%
Embassy Samoa Apia
53%
Consular Agency Brazil Fortaleza
53%
Consular Agency Antigua and Barbuda Saint John's
53%
Consular Agency Peru Cusco
52%
Consulate General Brazil Porto Alegre
51%
Consulate General Russia Yekaterinburg
51%
Embassy Lesotho Maseru
49%
Consulate General Indonesia Surabaya
49%
Consular Agency Solomon Islands Honiara
48%
Embassy Eswatini Mbabane
48%
Embassy Grenada Saint George's
48%
Consular Agency Bolivia Santa Cruz de la Sierra
48%
Consular Agency Philippines Cebu City
46%
Consulate Japan Fukuoka
45%
Embassy Equatorial Guinea Malabo
45%
Presence Post France Rennes
44%
Consular Agency Spain Las Palmas
43%
Embassy Burundi Bujumbura
42%
Branch Office Cameroon Douala
42%
Consulate General Mexico Mérida
42%
Consular Agency Poland Poznań
41%
Consular Agency Mexico Acapulco
40%
Consular Agency Mexico Cabo San Lucas
40%
Embassy Benin Cotonou
40%
Consulate General Saudi Arabia Dhahran / Dammam
39%
Embassy Marshall Islands Majuro
39%
Consulate General Iraq Erbil
38%
Consulate General Thailand Chiang Mai
37%
Consulate Indonesia Medan
37%
Consulate General United Kingdom Hamilton
33%
Consular Agency Jamaica Montego Bay
32%
Consular Agency Mexico Oaxaca
32%
Consulate Turkey Adana
31%
Branch Office Taiwan Kaohsiung
31%
Branch Office Bosnia and Herzegovina Mostar
31%
Consulate General Mexico Nuevo Laredo
31%
Consulate General Japan Naha
30%
Branch Office Bosnia and Herzegovina Banja Luka
29%
Consular Agency Honduras San Pedro Sula
29%
Consulate General China Shenyang
29%
Consulate General Pakistan Peshawar
26%
Consular Agency Dominican Republic Bávaro / Punta Cana
25%
Consulate General Netherlands Willemstad
23%
Consular Agency Mexico Puerto Vallarta
21%
Consulate General Mexico Hermosillo
19%
Consulate General Mexico Nogales
19%
Consulate Portugal Ponta Delgada
19%
Consulate General Mexico Matamoros
18%
Embassy Palau Koror
15%
Consular Agency Mexico Playa del Carmen
15%
Consular Agency Mexico Mazatlán
14%
Consular Agency Dominican Republic Puerto Plata
10%
Consular Agency Mexico Piedras Negras
9%
Consular Agency Mexico San Miguel de Allende
7%
Embassy FS Micronesia Kolonia
6%
No matching quizzes found
Score Distribution
Percent of People with Each Score
Percentile by Number Answered
Your Score History
You have not taken this quiz